| 000 | 00627nam a22001937a 4500 | ||
|---|---|---|---|
| 999 |
_c181498 _d181498 |
||
| 005 | 20220113141356.0 | ||
| 010 | _aENG-129935 | ||
| 020 |
_a978-81-217-0204-1 _c500.00 |
||
| 035 | _aEN-113467 | ||
| 037 | _bDBAD/PUB | ||
| 082 | _a615.8222 | ||
| 100 | _aSHARMA, S.K. | ||
| 245 |
_aSELF TREATMENT THROUGH ACCUPRESSURE: _cS.K. SHARMA |
||
| 260 |
_bBHARATIYA VIDYA PRAKASHAN _aIndIa _c2018 |
||
| 270 |
_bVARANASI _e221005 _aII Floor, Dharamsangh Bhawan, Durgakund Road, _mbvpbooks@gmail.com _k0542-2310500 |
||
| 300 |
_aix;257 _c22cm(hbk) |
||
| 500 | _aincludes Bibliography | ||
| 942 |
_2ddc _cEN _h615.8222 _mSHA |
||